000 00905nas a2200253 4500
001 BR8100372
003 BR-BrBNA
005 20231205084505.0
007 ta
008 230509b bl.|||p| |||| 00| 00por d
040 _aBR-BrBNA
_bpor
_cBiblioteca Nacional de Agricultura
041 _a(Pt)
072 _aE10
100 1 _aLeite, P.S.
111 1 _a18. Congresso Brasileiro de Economia e Sociologia Rural
_cRio de Janeiro, RJ (Brazil)
_d28 Jul 1980
245 1 _aContribuicao da agroindustria para o desenvolvimento do nordeste [Brasil]
246 1 _a[Contribution of the agro-industry for the Northeast development [Brazil]]
650 _aMacroeconomia
650 _aIndustria agricola
650 _aNordeste
773 0 _tRevista Economica do Nordeste (Brazil)
_xISSN 0100-4956
_g(Jul 1980), v. 11(3) p. 427-460
_wBR8100372
909 _a202311
_bLúcia
_c55
_dLúcia Elande
942 _2AGRIS
_n0
_cANA
999 _c105551
_d105551